2026 Winter Olympic Medal Table - Statistics

General Stats
  • This quiz has been taken 17 times
  • The average score is 28 of 30
Answer Stats
Gold Silver Bronze Total Answer % Correct
5 7 9 21 Canada
100%
5 4 6 15 China
100%
0 1 5 6 Finland
100%
8 9 6 23 France
100%
8 10 8 26 Germany
100%
3 1 1 5 Great Britain
100%
0 1 0 1 Individual Neutral Athletes
100%
10 6 14 30 Italy
100%
5 7 12 24 Japan
100%
18 12 11 41 Norway
100%
1 0 2 3 Spain
100%
8 6 4 18 Sweden
100%
6 9 8 23 Switzerland
100%
12 12 9 33 United States of America
100%
3 2 1 6 Australia
94%
5 8 5 18 Austria
94%
0 1 1 2 Latvia
94%
10 7 3 20 Netherlands
94%
0 3 1 4 Poland
94%
2 1 1 4 Slovenia
94%
3 4 3 10 South Korea
94%
0 0 1 1 Belgium
88%
1 0 0 1 Brazil
88%
2 2 1 5 Czechia
88%
0 1 0 1 Denmark
88%
0 1 0 1 Estonia
88%
0 2 1 3 New Zealand
88%
1 0 0 1 Kazakhstan
82%
0 0 2 2 Bulgaria
65%
0 1 0 1 Georgia
65%
No matching quizzes found
Score Distribution
Percent of People with Each Score
Percentile by Number Answered
Your Score History
You have not taken this quiz